书目信息 |
| 题名: |
加拿大近百年史
|
|
| 作者: | 克赖顿 著 ;山东大学翻译组 译 | |
| 分册: | 上册 | |
| 出版信息: | 济南 山东人民出版社 1972.12 |
|
| 页数: | 294页 | |
| 开本: | 20cm | |
| 丛书名: | ||
| 单 册: | ||
| 中图分类: | K711.4 | |
| 科图分类: | ||
| 主题词: | 北美洲--历史 | |
| 电子资源: | ||
| ISBN: | ||
| 000 | 00749nam0 2200253 45 | |
| 001 | 0212161511 | |
| 005 | 20031219104102.4 | |
| 010 | @dCNY1.58 | |
| 091 | @a11099.02 | |
| 100 | @a20021216d1972 km y0chiy0120 ea | |
| 101 | 0 | @achi |
| 105 | @a z 000yy | |
| 200 | 1 | @a加拿大近百年史@AJia Na Da Jin Bai Nian Shi@e1867-1967@h上册@f(加)唐纳德·克赖顿著@F(Jia)Tang Na De·Ke Lai Dun Zhu@g山东大学翻译组译 |
| 210 | @a济南@c山东人民出版社@d1972.12 | |
| 215 | @a294页@d20cm | |
| 300 | @a内部读物 | |
| 320 | @a附录:索引 | |
| 517 | @a1867-1967 | |
| 606 | 0 | @a北美洲@x历史 |
| 690 | @aK711.4@v3 | |
| 701 | 0 | @a克赖顿@4著 |
| 712 | 02 | @a山东大学翻译组@AShan Dong Da Xue Fan Yi Zu@4译 |
| 801 | @aCN@bTSTC@c20021220 | |
| 905 | @dK711.4@e1:1@f1@b219186 | |
| 加拿大近百年史:1867-1967.上册/(加)唐纳德·克赖顿著/山东大学翻译组译.-济南:山东人民出版社,1972.12 |
| 294页;20cm |
| 内部读物 |
| ISBN :CNY1.58 |
| ● |
| 相关链接 |
|
|
|
|
正题名:加拿大近百年史
索取号:K711.4/1:1
 
预约/预借
| 序号 | 登录号 | 条形码 | 馆藏地/架位号 | 状态 | 备注 |
| 1 | 0219186 | 001739211 | 第二样本阅览室/ [索取号:K711.4/1:1] | 在馆 |